MARC details
| 001 - CONTROL NUMBER |
| control field |
23862943 |
| 003 - CONTROL NUMBER IDENTIFIER |
| control field |
0000 |
| 005 - DATE AND TIME OF LATEST TRANSACTION |
| control field |
20260317113025.0 |
| 008 - FIXED-LENGTH DATA ELEMENTS--GENERAL INFORMATION |
| fixed length control field |
240911s2025 pau b 001 0 eng |
| 010 ## - LIBRARY OF CONGRESS CONTROL NUMBER |
| LC control number |
2024042747 |
| 020 ## - INTERNATIONAL STANDARD BOOK NUMBER |
| International Standard Book Number |
9781975223809 |
| 035 ## - SYSTEM CONTROL NUMBER |
| System control number |
23862943 |
| 040 ## - CATALOGING SOURCE |
| Original cataloging agency |
DNLM/DLC |
| Language of cataloging |
eng |
| Description conventions |
rda |
| Transcribing agency |
DLC |
| Modifying agency |
DLC |
| 042 ## - AUTHENTICATION CODE |
| Authentication code |
pcc |
| 050 00 - LIBRARY OF CONGRESS CALL NUMBER |
| Classification number |
RT 81.5 .F53 |
| 082 00 - DEWEY DECIMAL CLASSIFICATION NUMBER |
| Classification number |
610.73072 |
| Edition number |
23/eng/20241203 |
| 084 ## - OTHER CLASSIFICATION NUMBER |
| Classification number |
MED058200 |
| Source of number |
bisacsh |
| 100 1# - MAIN ENTRY--PERSONAL NAME |
| Personal name |
Flanagan, Jane, |
| Titles and other words associated with a name |
RN, |
| Relator term |
author. |
| 245 10 - TITLE STATEMENT |
| Title |
Polit and Beck's nursing research : |
| Remainder of title |
generating and assessing evidence for nursing practice / |
| Statement of responsibility, etc |
Jane Flanagan, Cheryl Tatano Beck. |
| 246 1# - VARYING FORM OF TITLE |
| Title proper/short title |
Nursing research |
| 250 ## - EDITION STATEMENT |
| Edition statement |
12th ed. |
| 263 ## - PROJECTED PUBLICATION DATE |
| Projected publication date |
1111 |
| 264 #1 - PUBLICATION, DISTRIBUTION, ETC. (IMPRINT) |
| Place of publication, distribution, etc |
Philadelphia : |
| Name of publisher, distributor, etc |
Wolters Kluwer, |
| Date of publication, distribution, etc |
2025 |
| 300 ## - PHYSICAL DESCRIPTION |
| Extent |
xvii, 810p. ill. |
| 336 ## - CONTENT TYPE |
| Content type term |
text |
| Content type code |
txt |
| Source |
rdacontent |
| 337 ## - MEDIA TYPE |
| Media type term |
unmediated |
| Media type code |
n |
| Source |
rdamedia |
| 338 ## - CARRIER TYPE |
| Carrier type term |
volume |
| Carrier type code |
nc |
| Source |
rdacarrier |
| 500 ## - GENERAL NOTE |
| General note |
Preceded by Nursing research / Denise F. Polit, Cheryl Tatano Beck. Eleventh edition. 2021. |
| 504 ## - BIBLIOGRAPHY, ETC. NOTE |
| Bibliography, etc |
Includes bibliographical references and index. |
| 520 ## - SUMMARY, ETC. |
| Summary, etc |
"From learning how to perform research to mastering the critical appraisal of research reports for use in practice, Polit & Beck's Nursing Research: Generating and Assessing Evidence for Nursing Practice, 12th Edition, emphasizes the critical role of research in today's changing healthcare field and empowers students to confidently utilize research capabilities to improve patient outcomes and enrich their professional careers. AJN award-winning title with the new edition authored by Jane Flanagan and Cheryl Beck detail the latest methodologic innovations that have arisen in nursing, medicine, and the social sciences in their signature user-friendly style, accompanied by the helpful learning features, pedagogy, and clean, approachable design that have made this resource the #1 nursing research textbook. Practical guidance clarifies abstract concepts into realistic strategies for applying research to practice, supported by ample evidence-based examples that reinforce understanding"-- |
| Assigning source |
Provided by publisher. |
| 650 12 - SUBJECT ADDED ENTRY--TOPICAL TERM |
| Topical term or geographic name as entry element |
Nursing Research |
| General subdivision |
methods |
| 650 #7 - SUBJECT ADDED ENTRY--TOPICAL TERM |
| Topical term or geographic name as entry element |
MEDICAL / Nursing / Research & Theory |
| Source of heading or term |
bisacsh |
| 700 1# - ADDED ENTRY--PERSONAL NAME |
| Personal name |
Beck, Cheryl Tatano, |
| Relator term |
author. |
| 700 1# - ADDED ENTRY--PERSONAL NAME |
| Relationship information |
Preceded by (work): |
| Personal name |
Polit, Denise F. |
| Title of a work |
Nursing research. |
| 776 08 - ADDITIONAL PHYSICAL FORM ENTRY |
| Relationship information |
Online version: |
| Main entry heading |
Flanagan, Jane, RN. |
| Title |
Polit & Beck's nursing research |
| Edition |
Twelfth edition. |
| Place, publisher, and date of publication |
Philadelphia : Wolters Kluwer, [2025] |
| International Standard Book Number |
9781975223823 |
| Record control number |
(DLC) 2024042748 |
| 906 ## - LOCAL DATA ELEMENT F, LDF (RLIN) |
| a |
0 |
| b |
vip |
| c |
orignew |
| d |
1 |
| e |
ecip |
| f |
20 |
| g |
y-gencatlg |
| 942 ## - ADDED ENTRY ELEMENTS (KOHA) |
| Source of classification or shelving scheme |
Library of Congress Classification |
| Koha item type |
Books |